Genshin Impact Characters (May 17, 2021) - Statistics

General Stats
  • This quiz has been taken 657 times
    654 since last reset
  • The average score is 30 of 34
Answer Stats
Hints (Element | Weapon) Answer (Alphabetical Order) % Correct
Pyro | Bow Amber
98%
Hydro | Catalyst Barbara
95%
Pyro | Claymore Diluc
94%
Geo | Sword Albedo
93%
Electro | Claymore Beidou
93%
Electro | Catalyst Lisa
93%
Anemo/Geo | Sword Aether
92%
Pyro | Sword Bennett
91%
Cryo | Sword Kaeya
91%
Cryo | Claymore Chongyun
90%
Electro | Bow Fischl
90%
Cryo | Bow Ganyu
90%
Anemo/Geo | Sword Lumine
90%
Anemo | Bow Venti
90%
Cryo | Bow Diona
89%
Anemo | Sword Jean
89%
Geo | Polearm Zhongli
89%
Geo | Catalyst Ningguang
88%
Geo | Claymore Noelle
88%
Hydro | Catalyst Mona
87%
Anemo | Catalyst Sucrose
87%
Cryo | Claymore Eula
86%
Pyro | Polearm Hu Tao
86%
Pyro | Catalyst Klee
86%
Electro | Claymore Razor
86%
Pyro | Polearm Xiangling
86%
Electro | Sword Keqing
84%
Pyro | Catalyst Yanfei
84%
Hydro | Bow Tartaglia
83%
Hydro | Sword Xingqiu
81%
Pyro | Claymore Xinyan
81%
Cryo | Sword Qiqi
78%
Cryo | Polearm Rosaria
78%
Anemo | Bow Xiao
73%
No matching quizzes found
Score Distribution
Percent of People with Each Score
Percentile by Number Answered
Your Score History
You have not taken this quiz since the last reset